Aux sources du dialogue des cultures. Regards croisés sur le Moyen Âge en France et en Inde. Hommage au Professeur Jean Dufournet, éd. Vidya VENCATESAN, Bombay, Groupe d’Études et de Recherches sur le Français Langue internationale, 2007 ; 1 vol., 383 p. (Synergies Indes, 2). En ligne : http://fle.asso.free.fr/ GERFLINT/. (notice n° 1603669)
[ vue normale ]
| 000 -LEADER | |
|---|---|
| fixed length control field | 00760cam a2200145 4500500 |
| 005 - DATE AND TIME OF LATEST TRANSACTION | |
| control field | 20251228092831.0 |
| 041 ## - LANGUAGE CODE | |
| Language code of text/sound track or separate title | fre |
| 042 ## - AUTHENTICATION CODE | |
| Authentication code | dc |
| 100 10 - MAIN ENTRY--PERSONAL NAME | |
| Personal name | Cazanave, Caroline |
| Relator term | author |
| 245 00 - TITLE STATEMENT | |
| Title | Aux sources du dialogue des cultures. Regards croisés sur le Moyen Âge en France et en Inde. Hommage au Professeur Jean Dufournet, éd. Vidya VENCATESAN, Bombay, Groupe d’Études et de Recherches sur le Français Langue internationale, 2007 ; 1 vol., 383 p. (Synergies Indes, 2). En ligne : http://fle.asso.free.fr/ GERFLINT/. |
| 260 ## - PUBLICATION, DISTRIBUTION, ETC. | |
| Date of publication, distribution, etc. | 2011.<br/> |
| 500 ## - GENERAL NOTE | |
| General note | 64 |
| 786 0# - DATA SOURCE ENTRY | |
| Note | Le Moyen Age | CXVII | 1 | 2011-12-10 | p. 117zzp-207zzp | 0027-2841 |
| 856 41 - ELECTRONIC LOCATION AND ACCESS | |
| Uniform Resource Identifier | <a href="https://shs.cairn.info/revue-le-moyen-age-2011-1-page-117zzp?lang=fr&redirect-ssocas=7080">https://shs.cairn.info/revue-le-moyen-age-2011-1-page-117zzp?lang=fr&redirect-ssocas=7080</a> |
Pas d'exemplaire disponible.




Réseaux sociaux